| 000 | 01283nam a2200349 a 4500 | ||
|---|---|---|---|
| 001 | 000112334 | ||
| 003 | CHAP | ||
| 005 | 20220329144258.0 | ||
| 008 | 160302s2015 mx a fsm |||||||spa d | ||
| 010 | _a108795 | ||
| 011 | _a109767 | ||
| 040 | _cCHAP | ||
| 090 | _aTesis | ||
| 100 | 1 |
_aAvalos Campos, Eduardo _9130635 |
|
| 245 | 1 | 0 |
_aAgricultura de conservación en el cultivo de maíz (Zea mays L.) en la Comarca Lagunera, México/ _h[En línea] _cpor Eduardo Avalos Campos. |
| 260 |
_aBermejillo, Dgo. : _bEl autor, _c2015. |
||
| 500 | _aPara ver el contenido del material haga clic en la liga | ||
| 502 | _aTesis (Ing. en Sistemas Agrícolas) -- UACH. Unidad Regional Universitaria de Zonas Áridas | ||
| 590 |
_aBATCH _b00 _c20181121 _lUCH01 _h0758 |
||
| 590 |
_aE11695DGD _b10 _c20160307 _lUCH01 _h1129 |
||
| 590 |
_aE11695DGD _b10 _c20160307 _lUCH01 _h1129 |
||
| 590 |
_aE6096MTM _b05 _c20160302 _lUCH01 _h1439 |
||
| 590 |
_aE6096MTM _b05 _c20160302 _lUCH01 _h1440 |
||
| 650 | 1 | 4 |
_aAgricultura sustentable _zMéxico. _9128970 |
| 650 | 1 | 4 |
_aMaíz _xComarca Lagunera. _970906 |
| 650 | 1 | 4 |
_aSuelos _xConservación. _9110283 |
| 856 |
_a1 _n0000603 |
||
| 856 |
_aFinding aid _uhttp://10.13.5.2/tesis/sist112334.pdf _zTeclea aquí |
||
| 901 | _aBK | ||
| 942 | _cTESIS | ||
| 942 | _n0 | ||
| 999 |
_c108795 _d108795 |
||